Online
Catalog

Ciendia, tecnologia y sociedad en una region del tercer mundo : (Record no. 20211)

MARC details
000 -CABECERA
campo de control de longitud fija 00924nam a2200217 u 4500
001 - NÚMERO DE CONTROL
campo de control 000020707
005 - FECHA Y HORA DE LA ÚLTIMA TRANSACCIÓN
campo de control 20250924073802.0
008 - DATOS DE LONGITUD FIJA--INFORMACIÓN GENERAL
campo de control de longitud fija 100813s1985 dr a r 001 0 spa d
040 ## - FUENTE DE LA CATALOGACIÓN
Centro catalogador/agencia de origen DO-SdBNP
Lengua de catalogación spa
Centro/agencia transcriptor BPJMD
082 ## - NÚMERO DE LA CLASIFICACIÓN DECIMAL DEWEY
Número de clasificación xxxx
Número de documento/Ítem C569t
100 1# - ENTRADA PRINCIPAL--NOMBRE DE PERSONA
Nombre de persona Madé Serrano, Nicolás
9 (RLIN) 11801
245 10 - MENCIÓN DE TÍTULO
Título Ciendia, tecnologia y sociedad en una region del tercer mundo :
Resto del título América Latina y el Caribe /
Mención de responsabilidad, etc. Nicolás Madé Serrano, Ramón Morrisón.
260 ## - PUBLICACIÓN, DISTRIBUCIÓN, ETC.
Lugar de publicación, distribución, etc. Santo Domingo :
Nombre del editor, distribuidor, etc. Universitaria.
300 ## - DESCRIPCIÓN FÍSICA
Extensión 307 p. :
Otras características físicas il. ;
Dimensiones 21 cm.
490 1# - MENCIÓN DE SERIE
Mención de serie Publicaciones de la Universidad Autónoma de Santo Domingo
Designación de volumen o secuencia 375
490 1# - MENCIÓN DE SERIE
Mención de serie Ciencia, tecnología y sociedad
Designación de volumen o secuencia no. 1
500 ## - NOTA GENERAL
Nota general Incluye datos biográficos de los autores en la contracubierta
504 ## - NOTA DE BIBLIOGRAFÍA, ETC.
Nota de bibliografía, etc. Incluye bibliografía (p. 295-307)
830 ## - PUNTO DE ACCESO ADICIONAL DE SERIE-TÍTULO UNIFORME
Título uniforme Publicaciones de la Universidad Autónoma de Santo Domingo
Designación de volumen o secuencia 375
9 (RLIN) 52
830 #0 - PUNTO DE ACCESO ADICIONAL DE SERIE-TÍTULO UNIFORME
Título uniforme Ciencia, tecnología y sociedad
Designación de volumen o secuencia no. 1
9 (RLIN) 31255

No items available.

Powered by Koha